Массовые коммуникации: учебное пособие

Detalles Bibliográficos
Autor principal: Романов А. А. Андрей Александрович
Otros Autores: Васильев Г. А. Геннадий Анатольевич
Sumario:Рассмотрены условия формирования и разнообразные средства массовых коммуникаций, приведены основы теории, соотношение информации и коммуникаций, место последних в современном обществе, а также восприятие членами общества средств массовых коммуникаций. Учебное пособие предназначено для студентов-экономистов, обучающихся по направлениям и специальностям маркетинга и рекламы, а также социологов и психологов.
Lenguaje:ruso
Publicado: Москва, Вузовский учебник, 2009
Colección:Вузовский учебник
Materias:
Formato: Libro
KOHA link:https://koha.lib.tpu.ru/cgi-bin/koha/opac-detail.pl?biblionumber=146872

MARC

LEADER 00000nam0a2200000 4500
001 146872
005 20231031144820.0
010 |a 9785955800837 
035 |a (RuTPU)RU\TPU\book\159205 
090 |a 146872 
100 |a 20081105d2009 m y0rusy50 ca 
101 0 |a rus 
102 |a RU 
105 |a a j 001zy 
200 1 |a Массовые коммуникации  |e учебное пособие  |f А. А. Романов, Г. А. Васильев 
210 |a Москва  |c Вузовский учебник  |d 2009 
215 |a 236 с.  |c ил. 
225 1 |a Вузовский учебник 
320 |a Список литературы: с. 232-233. 
330 |a Рассмотрены условия формирования и разнообразные средства массовых коммуникаций, приведены основы теории, соотношение информации и коммуникаций, место последних в современном обществе, а также восприятие членами общества средств массовых коммуникаций. Учебное пособие предназначено для студентов-экономистов, обучающихся по направлениям и специальностям маркетинга и рекламы, а также социологов и психологов. 
610 1 |a массовые коммуникации 
610 1 |a реклама 
610 1 |a PR 
610 1 |a паблик рилейшнз 
610 1 |a коммуникации 
610 1 |a коммуникативная деятельность 
610 1 |a межкультурные коммуникации 
610 1 |a моделирование 
610 1 |a СМИ 
610 1 |a средства массовой информации 
610 1 |a электронные коммуникации 
610 1 |a маркетинговые коммуникации 
610 1 |a рекламные коммуникации 
610 1 |a восприятие 
610 1 |a психология 
610 1 |a учебные пособия 
610 1 |a коммуникации 
610 1 |a модели 
610 1 |a модель Шеннона 
610 1 |a модель Лассвелла 
610 1 |a модель Мак-Люэна 
610 1 |a модель Якобсона 
610 1 |a модель Ньюкомба 
610 1 |a Модель Вестли-Маклина 
610 1 |a контент-анализ 
610 1 |a модель Хольсти 
610 1 |a модель Плэтта 
610 1 |a модель Юри 
610 1 |a модель Лумана 
610 1 |a социальное научение 
610 1 |a конструктивистская теория 
675 |a 659.4(075.8)  |v 3 
700 1 |a Романов  |b А. А.  |g Андрей Александрович 
701 1 |a Васильев  |b Г. А.  |g Геннадий Анатольевич 
801 1 |a RU  |b 63413507  |c 20081105  |g PSBO 
801 2 |a RU  |b 63413507  |c 20170331  |g PSBO 
900 |a Массовые коммуникации и медиапланирование 
900 |a Теория и практика средств массовой коммуникации 
942 |c BK 
951 |b 032400  |b 032401  |b 080111 
959 |a 104/20081105  |d 2  |e 167,90  |f АНЛ:1  |f ЧЗГЛ:1 
959 |a 99/20090924  |d 5  |e 0  |f УФ:5